000 01049cad a22002175a 4500
001 E154116
008 111017s2011 xxk f 000 0 eng d
020 _a9781409831327
035 _a(Sirsi) u154116
041 0 _aeng
110 2 _aDepartment for Communities and Local Government
_95880
245 0 0 _aNeighbourhood planning regulations
_bconsultation
_h[electronic resource]
260 _aLondon
_bDCLG
_c2011
520 _aSeeks views on proposed new regulations affecting neighbourhood areas and forums, the requirements of Community Right to Build organisations, the creation of neighbourhood plans and neighbourhood development orders, and Community Right to Build Orders. Deadline for comments is 5 January 2012.
590 _aKA NTK
650 2 4 _aLOCALISM BILL
651 4 _aEngland
_y886-
690 _aENVIRONMENTAL AND LAND CONSULTANCY-PLANNING AND DEVELOPMENT
856 4 0 _uhttps://www.communities.gov.uk/documents/planningandbuilding/pdf/1985878.pdf
_zView the consultation free of charge at www.communities.gov.uk
942 _n0
999 _c112849
_d112849